LEADER 00964cam0-2200349---450- 001 990004191250403321 005 20101105133730.0 010 $a88-317-6304-0 035 $a000419125 035 $aFED01000419125 035 $a(Aleph)000419125FED01 035 $a000419125 100 $a19990604d1995----km-y0itay50------ba 101 2 $aita$ager 102 $aIT 105 $a--------001by 200 1 $aWoyzeck$fGeorg Büchner$ga cura di Hermann Dorowin$gtraduzione di Claudio Magris 205 $a3. ed. 210 $aVenezia$cMarsilio$d1995 215 $a177 p.$d19 cm 300 $aCon testo a fronte 676 $a832.7 700 1$aBüchner,$bGeorg$f<1813-1837>$0386176 702 1$aDorowin,$bHermann 702 1$aMagris,$bClaudio$f<1939- > 801 0$aIT$bUNINA$gRICA$2UNIMARC 901 $aBK 912 $a990004191250403321 952 $a832.7 BUCH 2(1)$bBibl.21257$fFLFBC 959 $aFLFBC 996 $aWoyzeck$9484189 997 $aUNINA LEADER 00982nam--2200337---450 001 990002148840203316 005 20200505081736.0 010 $a88-8319-098-X 035 $a000214884 035 $aUSA01000214884 035 $a(ALEPH)000214884USA01 035 $a000214884 100 $a20041108d1997----km-y0itay0103----ba 101 0 $aita 102 $aIT 105 $a||||||||001yy 200 1 $aAmor nello specchio$fGiovan Battista Andreini$ga cura di Salvatore Maira e Anna Michela Borracci 210 $aRoma$cBulzoni$d1997 215 $a144 p.$d21 cm 606 0 $aLetteratura drammatica italiana$zSec. 16.- 18. 676 $a852.5 700 1$aANDREINI,$bGiovanni Battista$0444762 702 $aMAIRA,$bSalvatore 702 $aBORRACCI,$bAnna Michela 801 0$aIT$bsalbc$gISBD 912 $a990002148840203316 951 $aXVII A. 1957$b2038 DLAS$cXVII A.$d00349737 959 $aBK 969 $aCAS 996 $aAmor nello specchio$91039059 997 $aUNISA